000 00598cam a2200217 4500
008 000000n1999 000 0 eng u
020 _a01860812937
035 _a(Sirsi) u100086
041 _aENG
050 _a696.9
100 _aBaker, Paul
110 _aBuilding Research Establishment
245 _aPhotovoltaics: integration into buildings
260 _aLondon
_bConstruction Research Communications Ltd
_c1999
300 _a6p. ; ill. ; 30cm.
490 _aBRE Digest
_v438
650 _aPHOTOVOLTAICS
690 _aBUILT ENVIRONMENT
700 _aStirling, Charles
942 _n0
999 _c99582
_d99582